LEADER 00836nam0-2200289 --450 001 9910885700303321 005 20240916102345.0 010 $a978-88-459-2694-5 100 $a20240916d2012----kmuy0itay5050 ba 101 1 $aita 102 $aIT 105 $a 001yy 200 1 $aDialogo sul potere$fCarl Schmitt$ga cura di Giovanni Gurisatti 210 $aMilano$cAdelphi$d2012 215 $a124 p.$d17 cm. 225 1 $aBiblioteca minima$v49 610 0 $aPotere 676 $a303.3$v21 700 1$aSchmitt,$bCarl$f<1888-1985>$0325454 702 1$aGurisatti,$bGiovanni 801 0$aIT$bUNINA$gREICAT$2UNIMARC 901 $aBK 912 $a9910885700303321 952 $aDAM A92.23 SCHC 04$b2024/6256$fFLFBC 959 $aFLFBC 996 $aGeschpräch über die Macht und den Zugang zum Machtaber$916924 997 $aUNINA LEADER 02219nam0 2200457 i 450 001 VAN00113419 005 20240806100748.768 017 70$2N$a9783319162386 100 $a20180109d2015 |0itac50 ba 101 $aeng 102 $aCH 105 $a|||| ||||| 200 1 $aBayesian statistics from methods to models and applications$eresearch from BAYSM 2014$fSylvia Frühwirth-Schnatter ... [et al.] editors 210 $a[Cham]$cSpringer$d2015 215 $aXIII, 167 p.$cill.$d24 cm 410 1$1001VAN00102574$12001 $aSpringer proceedings in mathematics & statistics$1210 $aBerlin [etc.]$cSpringer$d2012-$v126 500 1$3VAN00234919$aBayesian statistics from methods to models and applications : research from BAYSM 2014$91522591 606 $a62-XX$xStatistics [MSC 2020]$3VANC022998$2MF 606 $a62C10$xBayesian problems; characterization of Bayes procedures [MSC 2020]$3VANC028328$2MF 606 $a62F15$xBayesian inference [MSC 2020]$3VANC024528$2MF 610 $aApplied bayesian statistics$9KW:K 610 $aBayesian Statistics$9KW:K 610 $aBayesian estimation$9KW:K 610 $aBayesian statistics applications$9KW:K 610 $aBayesian survival model$9KW:K 610 $aComputational bayesian statistics$9KW:K 610 $aDecision sciences$9KW:K 610 $aStochastic processes$9KW:K 610 $aTheoretical bayesian statistics$9KW:K 620 $aCH$dCham$3VANL001889 702 1$aFrühwirth-Schnatter$bSylvia$3VANV087531 712 12$aBayesian Young Statisticians Meeting$d2.$f2014$eVienna$3VANV087532 712 $aSpringer $3VANV108073$4650 801 $aIT$bSOL$c20250314$gRICA 856 4 $uhttp://dx.doi.org/10.1007/978-3-319-16238-6$zE-book ? Accesso al full-text attraverso riconoscimento IP di Ateneo, proxy e/o Shibboleth 899 $aBIBLIOTECA DEL DIPARTIMENTO DI MATEMATICA E FISICA$1IT-CE0120$2VAN08 912 $fN 912 $aVAN00113419 950 $aBIBLIOTECA DEL DIPARTIMENTO DI MATEMATICA E FISICA$d08DLOAD e-book 0118 $e08eMF118 20180109 996 $aBayesian statistics from methods to models and applications$91522591 997 $aUNICAMPANIA LEADER 01118nas 2200421 c 450 001 9910139453203321 005 20260218111329.0 035 $a(CKB)2550000000016348 035 $a(OCoLC)693817683 035 $a(OCoLC)706067425 035 $a(DE-101)1009059084 035 $a(DE-599)ZDB2585884-1 035 $a(DE-599)2585884-1 035 $a(EXLCZ)992550000000016348 100 $a20101214a20109999 |y | 101 0 $aafr 135 $aur||||||||||| 181 $ctxt$2rdacontent 182 $cc$2rdamedia 183 $acr$2rdacarrier 200 00$a'N joernaal vir die geesteswetenskappe 210 31$a[Stellenbosch]$cLitNet Akademies$d2010- 215 $aOnline-Ressource 300 $aGesehen am 15.12.17 311 08$a1995-5928 517 $aLitNet 531 $aLitnet akademies 608 $aZeitschrift$2gnd-content 676 $a890 686 $a6,31$2ssgn 686 $aAFRIKA$qDE-30$2fid 801 0$b0030 801 1$bDE-101 801 2$b9999 906 $aJOURNAL 912 $a9910139453203321 996 $aN joernaal vir die geesteswetenskappe$92179739 997 $aUNINA